000 01430nam0a22003131 4500
001 rc\3321405
005 20260407103151.0
021 _aRU
_b[69-64737]
035 _a(NLR Aleph) 007508968
090 _a7689644
_c7689644
100 _a20130115d1969 |||y0rusy50 ca
101 0 _arus
102 _aRU
105 _ay z |||||
200 1 _aФормирование познавательных потребностей у школьников
_fМ-во просвещения РСФСР. Рост. н/Д гос. пед. ин-т
210 _aРостов-на-Дону
_cБ. и.
_d1969
215 _a54 с.
_d20
300 _aАвт. указаны на обороте тит. л.: доц. В.С. Ильин, и. о. проф. С.В. Петриченко, З.И. Яковлева
606 _aШкольники
_xПознавательные интересы
_2psbo
606 _aУчебно-воспитательная работа в школе
_2psbo
700 1 _aИльин
_bВ.С.
_gВладимир Сергеевич
701 1 _aПетриченко
_bС.В.
_gСтепан Васильевич
701 1 _aЯковлева
_bЗ.С.
712 0 2 _aРостовский-на-Дону государственный педагогический институт
_3RU\NLR\AUTH\889931814
_9359036
801 0 _aRU
_bNLR
_gpsbo
801 1 _aRU
_bELAR
_2rusmarc
852 _aNLR
_j69-4/17306
942 _cBOOK
980 _aNB